Manual de historia de la literatura hebrea
Saved in:
| Hovedforfatter: | |
|---|---|
| Format: | Bog |
| Sprog: | spansk |
| Udgivet: |
Madrid
Gredos
1960
|
| Fag: | |
| Tags: |
Tilføj Tag
Ingen Tags, Vær først til at tagge denne postø!
|
MARC
| LEADER | 00000nam a2200000 a 4500 | ||
|---|---|---|---|
| 001 | UCY7156 | ||
| 003 | CL-VaPUC | ||
| 008 | 950609e19600000SP |||||||||||||||||spa|d | ||
| 082 | 0 | 4 | |a 892.409 |b MAE |2 21 |
| 100 | |a Maeso, David Gonzalo |e autor |9 450249 | ||
| 245 | 1 | 0 | |a Manual de historia de la literatura hebrea |
| 300 | |a 774 p | ||
| 942 | |c BK | ||
| 945 | |d 19950609 00:00:00 |a rbrito | ||
| 260 | |a Madrid |b Gredos |c 1960 | ||
| 650 | 7 | |a LITERATURA HEBREA |2 CL-VaPUC |9 318156 | |
| 650 | 0 | |a Filología |9 321245 | |
| 650 | 7 | |a LITERATURA BIBLICA |2 CL-VaPUC |9 337431 | |
| 650 | 7 | |a POESIA JUDIA MEDIEVAL |2 CL-VaPUC |9 337432 | |
| 583 | |a last modification |c 19950609 00:00:00 |k Rodrigo Vera | ||
| 999 | |c 234592 |d 234590 | ||
| 952 | |0 0 |1 0 |4 0 |6 892_409000000000000_MAE_1960 |7 0 |8 A |9 241137 |a BIBTEO |b BIBTEO |d 2019-11-18 |i 2003333 |o 892.409 MAE 1960 |p 2003333 |r 2025-01-17 |w 2019-11-18 |y BK |k ICR | ||